000 00337nam a2200133 4500
005 20260530115305.0
100 1 _aJudy A. Juracek
_931880
245 1 0 _aNatural Sufaces
264 1 _bThames and Hudson London
_c2001
300 _a351 páginas
336 _atexto
_2rdacontent
337 _asin medio
_2rdamedia
338 _avolumen
_2rdacarrier
999 _c13067
_d13067